| 000 | 00388cam a2200157ua 4500 | ||
|---|---|---|---|
| 041 |
_aeng _h |
||
| 082 |
_a621.435 _bLAN/JE |
||
| 100 | _aLancaster, O E. | ||
| 245 |
_aJet propulsion engines / _cO E Lancaster. _hTextual Documents |
||
| 250 |
_a1 / _b. |
||
| 260 |
_aLondon : _bOxford University Press , _c1959. |
||
| 300 | _a799 ; . | ||
| 504 | _a | ||
| 942 | _cBK | ||
| 999 |
_c5491 _d5491 |
||